000
00315nam a2200121Ia 4500
008
190722s9999 xx 000 0 und d
020
_a
978-1-118-99125-1
100
_a
Harold Kerzner
245
0
_a
Project Management 2.0
260
_a
New York
_b
International Institute of Learning
_c
2015
300
_a
316
942
_c
BK
999
_c
226
_d
226